[Event "FRA-chT poule basse"]
[Site "France"]
[Date "2003.05.07"]
[Round "8.3"]
[White "Legky, Nikolay A"]
[Black "Charnushevich, Aliaksei"]
[Result "0-1"]
[WhiteElo "2507"]
[BlackElo "2486"]
[Annotator "Postny,E"]
[PlyCount "98"]
[EventDate "2003.05.07"]
[EventType "team"]
[EventRounds "4"]
[EventCountry "FRA"]
[SourceTitle "CBM 095"]
[Source "ChessBase"]
[SourceDate "2003.07.25"]
[SourceVersion "1"]
[SourceVersionDate "2003.07.25"]
[SourceQuality "1"]
[WhiteTeam "Drancy"]
[BlackTeam "Besancon"]
[WhiteTeamCountry "FRA"]
[BlackTeamCountry "FRA"]

1. d4 Nf6 2. Bg5 e6 3. e4 h6 4. Bxf6 Qxf6 5. Nc3 d6 6. Qd2 e5 {This move is
typical, but usually black starts with 6...c6 covering the d5 square and
intends to play e6-e5 a bit later. Another popular plan connected with the
fianchetto of dark-squared bishop by 6...g5 or 6...g6 and 7...Bg7.} 7. dxe5
$146 ({Probably more troublesome for black is} 7. Nd5 Qd8 8. Nf3 c6 9. Ne3 Qc7
10. O-O-O $14 {1-0 Grigore,G-Osman,M/Bucharest 2002/CBM 89 ext (65)}) (7. Nf3 {
will lead to a "normal" position of this variation.}) 7... dxe5 8. Nd5 {
White is immediatly trying to get use of the d5 square.} Qd8 9. Qc3 Bd6 10.
O-O-O O-O 11. f4 {White is playing very actively, but this is not enough for
the advantage.} c6 12. Ne3 (12. fxe5 Qg5+ 13. Qd2 Qxd2+ (13... Qxe5 14. Nf3 Qe6
15. Nf6+ Qxf6 16. Qxd6 $11) 14. Rxd2 Bxe5 15. Ne7+ Kh8 16. Nxc8 Rxc8 17. g3 $11
) 12... Qe7 13. Nc4 Bc7 14. fxe5 $6 {Dubious capture.} (14. Nxe5 Nd7 15. Ngf3 (
15. Nxd7 $2 Bxf4+ $17) 15... Nxe5 16. Nxe5 {and in order to regain the pawn
black must give his good dark-squared bishop. The position will be about equal.
}) 14... Bg4 15. Nf3 Nd7 16. Rg1 $2 {This move is very naive. White was
probably hoping for 16...Bxf3, which opens the "g" file, but black has much
simpler and better continuation.} (16. h3 Bxf3 17. gxf3 Nxe5 $15) 16... b5 17.
Ne3 Nxe5 18. h3 ({Very complicated, but promising for black is:} 18. Bxb5 Nxf3
(18... cxb5 $2 19. Nd5) 19. gxf3 Be5 20. Qd2 (20. Qxc6 Rac8 $36) 20... Bxf3 21.
Nf5 Qf6 22. Rxg7+ Kh8 23. Rdg1 {[%cal Gg1g6]} Bxb2+ 24. Kb1 Bc3) (18. Nxg4 Nxg4
19. Qxc6 Bb6 $17 {[%csl Rg1]}) 18... b4 19. Qd2 Rfd8 (19... Bxf3 $5 20. gxf3
Nxf3 21. Rxg7+ Kh8 22. Qf2 Bf4 23. Qxf3 Bxe3+ 24. Qxe3 Kxg7 $17) 20. Bd3 Be6
21. Nxe5 Bxe5 {Black is now totally dominating.} 22. Kb1 Qc5 23. Qc1 Bf4 24.
Rde1 Qa5 {Forcing white to make a concession.} 25. b3 {Now the black squares
on the queenside are extremely weak.} Qc5 26. Rgf1 Be5 27. Nc4 Bc3 28. Qe3 Rd4
29. Re2 Rad8 {Almost all dark squares are occupied by black's pieces.} 30. Nb2
Qa5 31. Qc1 (31. Na4 c5 {[%cal Gc5c4]} 32. Nxc3 bxc3 {[%csl Rb1] and black's
attack is irresisitible.}) 31... Qh5 32. Ref2 c5 33. Rf3 Bxb2 {Forcing matters.
} ({Possible was} 33... a5) 34. Qxb2 c4 35. bxc4 Bxc4 36. Rc1 $6 ({The best
practical chance for white was to sacrifice queen:} 36. Bxc4 $1 Rd1+ 37. Qc1
Rxc1+ 38. Rxc1) 36... Be6 {Black's position is winning. White has no
counterplay at all and can only wait and see, how black will strengthen his
position.} 37. Ka1 a5 38. Be2 (38. Rcf1 a4 $19) 38... Qg5 39. Rd3 Rxe4 40. Bf3
Rc4 {Black is a pawn up and the domination continues.} 41. Rxd8+ Qxd8 42. Qe5
Qd2 43. Kb1 a4 44. Bg4 Bxg4 45. hxg4 b3 $1 {The decisive breakthrough. White's
king can not survive the attack.} 46. axb3 axb3 47. Qe8+ (47. Qb8+ Kh7 48. Qxb3
Rb4 $19) 47... Kh7 48. Qxf7 bxc2+ 49. Ka2 Qa5+ {The mate is inevitable.} 0-1

[Event "Catania op"]
[Site "Catania"]
[Date "1995.??.??"]
[Round "4"]
[White "Garcia Palermo, Carlos H"]
[Black "Psakhis, Lev"]
[Result "0-1"]
[WhiteElo "2505"]
[BlackElo "2610"]
[Annotator "Psakhis,L"]
[PlyCount "61"]
[EventDate "1995.08.??"]
[EventType "swiss"]
[EventRounds "9"]
[EventCountry "ITA"]
[SourceTitle "CBM 049"]
[Source "ChessBase"]
[SourceDate "1995.12.01"]
[SourceVersion "1"]
[SourceVersionDate "1995.12.01"]
[SourceQuality "1"]

1. d4 e6 2. f4 c5 3. c3 Nf6 4. Nf3 b6 5. e3 g6 6. Bd3 Bb7 7. O-O Bg7 8. Qe2 Be4
$6 (8... d5 $5 $10) (8... cxd4 9. exd4 (9. cxd4 Be4 10. Nc3 Bxd3 11. Qxd3 d5
$10) 9... O-O $10) 9. Bxe4 $5 Nxe4 10. Nbd2 Nxd2 (10... d5 11. Nxe4 dxe4 12.
Ng5 Qd5 $8 13. Qb5+ Nd7 14. c4 Qf5 (14... Qb7 $2 15. dxc5 a6 16. c6 $18) 15.
dxc5 Qxc5 16. Nxf7 $5 (16. Nxe4 Qxb5 17. cxb5 O-O 18. Rb1) 16... Qxb5 17. Nd6+
Ke7 18. Nxb5 Rhc8 19. Na3 $16) (10... f5 11. Nxe4 fxe4 12. Ng5) 11. Bxd2 d5 (
11... O-O 12. c4 Nc6 13. Qd3 $14) 12. dxc5 (12. e4 $1 dxe4 (12... Nc6 13. e5
$14) 13. Qxe4 Nd7 (13... Qd5 14. Qxd5 exd5 15. Rae1+ $16) 14. d5 Nf6 15. Qa4+
Qd7 16. Qxd7+ Nxd7 (16... Kxd7 17. Ne5+) 17. dxe6 fxe6 18. Rae1 $36) 12... bxc5
13. e4 O-O 14. Rad1 (14. e5 $5) 14... Qd6 $1 (14... Qb6 15. exd5 exd5 16. Be3
$14) 15. Be3 Nd7 (15... Nc6 $2 16. e5 Qe7 17. Qb5) 16. e5 (16. c4 d4 17. Bc1 f5
$13) 16... Qc6 17. c4 Nb6 (17... d4 18. Bc1 $14) 18. cxd5 (18. b3 Rfd8) 18...
Nxd5 $5 (18... exd5 19. Rc1 Nc4 20. Bf2 $16) 19. Nd2 Rab8 (19... Rfb8 $5 20.
Nb3 $6 (20. Nc4 Qa6 21. Bxc5 Rc8 $1 (21... Qxa2 22. Ra1 Qb3 23. Rxa7 Rxa7 24.
Bxa7 Nb4 $15) 22. b4 Nc3 23. Qd3 (23. Qc2 Qxc4 24. Rd3 Rxc5 25. bxc5 Qxc5+ 26.
Kh1 Ne4 27. Qe2 Qc6 $19) 23... Nxd1 24. Rxd1 Qxa2 $17) (20. Rb1 $1 $8 Qa4 $10)
20... c4 21. Nd4 Qa6 $17) 20. Nc4 Qa6 $1 21. Bxc5 Rfc8 22. Bd6 Ra8 23. Rd4 (23.
Rc1 $5) 23... Qxa2 24. g4 Rc6 25. f5 Rac8 26. fxe6 fxe6 27. Qf3 Rxc4 28. Qf7+
Kh8 29. Qxe6 Qb3 (29... Ne3 30. Bc5 $1 Rg8 (30... Rb8) 31. Qxg8+ $3 Kxg8 32.
Rd8+ Bf8 33. Rfxf8+ (33. Rdxf8+ Kg7 34. R8f7+ Kh6 35. Bxe3+ g5 36. R1f6#) 33...
Kg7 34. Rd7+ Kh6 35. Bxe3+ g5 36. Rf6#) 30. Rxd5 Qe3+ 31. Kh1 $138 (31. Kh1 Qe2
32. Rg1 Rc2 $19) (31. Rf2 Rc1+ 32. Kg2 Qe4+ 33. Kh3 h5 34. Rdd2 (34. gxh5 R8c3+
35. bxc3 Rxc3+ $19) 34... g5 $1 $19) 0-1

[Event "Alushta2"]
[Site "Alushta"]
[Date "1994.??.??"]
[Round "7"]
[White "Tosic, Miroslav"]
[Black "Varavin, Viktor"]
[Result "0-1"]
[WhiteElo "2445"]
[BlackElo "2510"]
[Annotator "RR"]
[PlyCount "40"]
[EventDate "1994.02.??"]
[EventType "tourn"]
[EventRounds "9"]
[EventCountry "UKR"]
[EventCategory "12"]
[SourceTitle "CBM 041"]
[Source "ChessBase"]
[SourceDate "1994.08.01"]
[SourceVersion "1"]
[SourceVersionDate "1994.08.01"]
[SourceQuality "1"]

1. d4 Nf6 2. Bg5 Ne4 3. h4 c5 4. dxc5 Nxg5 5. hxg5 e6 6. Nf3 Bxc5 7. e3 (7. Nc3
Qb6 8. Ne4 Qxb2 9. Nxc5 Qc3+ 10. Nd2 Qxc5 $17) 7... Nc6 8. Qd3 (8. Nbd2 $5)
8... Qb6 9. Nbd2 $2 (9. Qb5 $142) (9. Qb3 $142) 9... Qxb2 10. Rb1 Qxa2 11. Qc3
$2 (11. Rxh7 Rxh7 12. Qxh7 Bb4 $17) 11... Bf8 (11... Qxb1+ $1 12. Nxb1 Bb4 $19)
12. g6 fxg6 13. Bd3 Qxb1+ 14. Nxb1 Bb4 15. Bxg6+ Ke7 16. Qxb4+ Nxb4 17. Ne5 d6
18. c3 Nd5 19. Nd3 Bd7 20. Be4 Nf6 0-1

[Event "Sautron op 14th"]
[Site "Sautron"]
[Date "2014.10.25"]
[Round "6"]
[White "Bedouin, Xavier"]
[Black "Terrieux, Kevin"]
[Result "0-1"]
[WhiteElo "2324"]
[BlackElo "2409"]
[Annotator "RR"]
[PlyCount "66"]
[EventDate "2014.10.26"]
[EventType "swiss"]
[EventRounds "9"]
[EventCountry "FRA"]
[SourceTitle "EXT 2015"]
[Source "ChessBase"]
[SourceDate "2014.11.20"]
[SourceVersion "1"]
[SourceVersionDate "2014.11.20"]
[SourceQuality "1"]
[TimeControl "40/5400+30:1800+30"]
[WhiteClock "0:02:16"]
[BlackClock "0:04:58"]

1. d4 {[%emt 0:00:00]} Nf6 {[%emt 0:00:00]} 2. Bg5 {[%emt 0:00:00]} Ne4 {
[%emt 0:00:53]} (2... c5 3. d5 Qb6 4. Nc3 {Le gambit Vaganian}) 3. Bf4 {
[%emt 0:00:00]} c5 {[%emt 0:00:36]} 4. d5 {[%emt 0:00:27]} (4. f3 {La grande
ligne} Qa5+ 5. c3 Nf6 6. Nd2 (6. d5 Qb6 7. e4 Qxb2 8. Nd2 Qxc3 9. Bc7 $44))
4... Qb6 {[%emt 0:02:14]} 5. Nd2 $5 {[%emt 0:00:42] Un gambit risqué mais
intéressant et le breton l'a utilisé quelques mois plus tard au tournoi de
Lille avec les couleurs inversées.} (5. Bc1 e6 (5... g6 6. f3 Nd6 7. e4 Bg7 8.
Nc3 f5 9. exf5 Nxf5) 6. f3 Nf6 7. e4) 5... Qxb2 {[%emt 0:04:56] Relève le
gant du défi théorique} (5... Nxd2) 6. Nxe4 {[%emt 0:01:07]} Qb4+ {[%emt 0:
00:08]} 7. Qd2 {[%emt 0:00:13]} (7. c3 Qxe4 8. e3 $13 {[%cal Gg1f3,Gf1d3]} g5 (
8... e5 9. dxe6) 9. Bg3 Bg7 10. Rc1 d6 11. Nf3 Qg6 12. h4 h6 (12... gxh4 13.
Bd3 $44)) 7... Qxe4 {[%emt 0:00:12]} 8. e3 {[%emt 0:00:25]} g5 $1 {[%emt 0:08:
00][%cal Gf8g7,Gg7a1]} (8... e5 9. dxe6 {Terrieux,K (2439)-Zhigalko,A (2586)
Lille Luce op 6th 2015 (8) 1/2}) 9. Bg3 {[%emt 0:01:51]} Bg7 {[%emt 0:05:30]}
10. Rb1 {[%emt 0:09:59]} (10. c3) 10... Na6 $146 {[%emt 0:18:44]} (10... Qa4
11. c4 Na6 12. Bd3 Nb4 13. Nf3 h6 14. O-O Qxa2 15. Qxa2 Nxa2 16. d6 Nb4 17. Be2
e6 18. Ne5 h5 19. f4 h4 20. Be1 a5 21. Bc3 Nc6 22. Rb5 gxf4 23. Nxf7 Kxf7 24.
Rxf4+ Kg8 25. Rg4 e5 26. Rxc5 b6 27. Rd5 Ba6 28. Bxe5 Rh7 29. Bd3 Kh8 30. Bxg7+
Rxg7 31. Rh5+ Kg8 32. Bh7+ Kf7 33. Rf5+ Ke6 34. Rxg7 Bxc4 35. Rf4 Ne5 36. Bg8+
Rxg8 37. Rxg8 Kxd6 38. Rxh4 Bxg8 39. Rh6+ Be6 40. h4 {Galyas,M (2265)
-Sinkovics,P (2405) Budapest 1997 0-1}) 11. f3 {[%emt 0:06:20]} Qa4 {[%emt 0:
03:17]} 12. c3 {[%emt 0:03:43]} Qa5 $1 {[%emt 0:04:00][%csl Re1] Force Rc1
pour activer la majorité b5} 13. Rc1 {[%emt 0:23:54]} b5 $132 {[%emt 0:09:23]}
14. Ne2 {[%emt 0:01:05]} d6 {[%emt 0:02:14]} 15. h4 {[%emt 0:08:39]} g4 {
[%emt 0:04:32]} 16. Kf2 $13 {[%emt 0:01:45] Après la poussée h4, c'est
probablement le seul choix pour le K Blanc mais le K Noir est plus en
sécurité} Bd7 {[%emt 0:01:47]} 17. Bf4 {[%emt 0:01:55][%cal Ge2g3] Les
pièces Blanches sont assez mal coordonnées} O-O-O $15 {[%emt 0:01:38][%csl
Gc8,Rf2]} 18. Ng3 {[%emt 0:01:03]} Be5 $6 {[%emt 0:12:02] Uné décision
discutable car les Blancs ont intérêt à simplifier la position par des
échanges.} 19. Bxe5 {[%emt 0:18:43]} dxe5 {[%emt 0:00:04]} 20. a4 $1 {[%emt 0:
00:19]} Qxa4 {[%emt 0:01:16]} 21. Be2 {[%emt 0:03:56][%cal Gc1a1]} (21. c4 $5
b4 22. Be2 $44) 21... Qa5 {[%emt 0:02:21]} 22. Ra1 {[%emt 0:06:15]} Qb6 {
[%emt 0:00:13]} 23. Rhb1 {[%emt 0:00:37]} (23. Ra2 gxf3 24. gxf3 Rhg8 25. Rha1)
(23. Qa2 Kb7 24. Rhb1) 23... gxf3 {[%emt 0:01:48]} 24. gxf3 {[%emt 0:00:07]}
Nc7 {[%emt 0:03:00]} 25. Bxb5 $6 {[%emt 0:02:52]} Bxb5 {[%emt 0:00:34]} 26. c4
{[%emt 0:00:15]} e6 {[%emt 0:06:13]} (26... Rhg8 27. Rxb5 Qg6 $19) 27. cxb5 {
[%emt 0:01:16]} Rxd5 {[%emt 0:00:49]} 28. Qc2 {[%emt 0:01:34]} f5 {[%emt 0:01:
14]} 29. Nxf5 {[%emt 0:03:26] Une dernière tentative désespérée} exf5 {
[%emt 0:01:26]} 30. Qxf5+ {[%emt 0:00:02]} Rd7 {[%emt 0:00:28]} 31. Ra6 {
[%emt 0:01:03]} Nxa6 {[%emt 0:00:42]} 32. bxa6 {[%emt 0:00:02]} Qxa6 {[%emt 0:
01:07]} 33. Qxe5 {[%emt 0:00:39]} Rd2+ {[%emt 0:00:11]} 0-1

[Event "Reggio Emilia 54th"]
[Site "Reggio Emilia"]
[Date "2011.12.30"]
[Round "4"]
[White "Vitiugov, Nikita"]
[Black "Caruana, Fabiano"]
[Result "0-1"]
[WhiteElo "2729"]
[BlackElo "2727"]
[Annotator "RR"]
[PlyCount "92"]
[EventDate "2011.12.27"]
[EventType "tourn"]
[EventRounds "10"]
[EventCountry "ITA"]
[EventCategory "20"]
[SourceTitle "CBM 146"]
[Source "ChessBase"]
[SourceDate "2012.01.18"]
[SourceVersion "1"]
[SourceVersionDate "2012.01.18"]
[SourceQuality "1"]

1. d4 Nf6 2. Bg5 e6 3. Nd2 h6 4. Bh4 c5 5. e4 d5 6. e5 g5 7. Bg3 Nfd7 8. h4 g4
9. dxc5 h5 10. Bb5 Nc6 11. Ne2 Nxc5 12. O-O a6 13. Bxc6+ bxc6 14. c4 a5 15. Nd4
Qb6 16. Qc2 Nd7 17. Qd3 Ba6 18. Nxe6 fxe6 19. Qg6+ Kd8 20. Qxe6 Be7 21. Rfd1 d4
22. c5 $2 (22. Qf5 c5 23. e6 $11) 22... Nxc5 $19 23. Qf7 Ra7 24. Rac1 Rd7 25.
e6 Rd5 26. Nc4 Bxc4 27. Rxc4 Rf8 28. Qg6 Nb7 29. Qe4 Nd6 30. Bxd6 Rxd6 31.
Rcxd4 Rxd4 32. Rxd4+ Kc8 33. g3 Qc5 34. Rd2 Kb7 35. Rd7+ Kb6 36. Qe2 Rd8 37.
Rxd8 Bxd8 38. Qd2 Be7 39. a3 Qe5 40. Qd7 Qd6 41. Qe8 Qxe6 42. b4 axb4 43. axb4
Qe5 44. Kf1 Bd6 45. Qd8+ Bc7 46. Qd2 Bd6 0-1

[Event "GER-GRE"]
[Site "Fuerth"]
[Date "2002.09.05"]
[Round "6"]
[White "Miladinovic, Igor"]
[Black "Gustafsson, Jan"]
[Result "1/2-1/2"]
[WhiteElo "2503"]
[BlackElo "2542"]
[Annotator "Rabinovich,Al"]
[PlyCount "53"]
[EventDate "2002.08.31"]
[EventType "team"]
[EventRounds "6"]
[EventCountry "GER"]
[SourceTitle "CBM 091"]
[Source "ChessBase"]
[SourceDate "2002.11.12"]
[SourceVersion "1"]
[SourceVersionDate "2002.11.12"]
[SourceQuality "1"]
[WhiteTeam "Greece"]
[BlackTeam "Germany"]
[WhiteTeamCountry "GRE"]
[BlackTeamCountry "GER"]

1. d4 Nf6 2. Bg5 c5 3. Nc3 $5 {Defenetly the sharpest move! Transfering to
Sicilian Defence Setup. White has the queen on h4 ready for attack on Kside
and the d-file open for the rook.} (3. dxc5 $5 e6 (3... Qa5+ 4. Nd2 Qxc5 5.
Bxf6 gxf6 6. c3 Nc6 7. Ngf3 Ne5 $14 {1-0 Miladinovic,I-Papastavropoulos,A/
Aegina 1995/EXT 97 (38)}) 4. Nd2 Bxc5 5. e3 d5 (5... Be7 6. Ngf3 O-O 7. Bd3 Na6
8. c4 b6 9. O-O Bb7 $11 {[%cal Ga6c5,Gf6e4] 1/2-1/2 Miladinovic,I-Tzoumbas,A/
Ano Liosia 1995/CBM 46 ext (23)}) 6. Ngf3 Nbd7 7. Bd3 h6 8. Bh4 Be7 9. c4 Nc5
10. Be2 O-O 11. O-O b6 $11 {1/2-1/2 Miladinovic,I-Kotronias,V/Karditsa 1995/
CBM 47 ext (18)}) (3. e3 Qa5+ 4. Nc3 e6 5. Bxf6 gxf6 6. Qh5 $14 {1-0 Berkes,
F-Georgiev,K/Agneaux 1999/EXT 2000 (22)}) (3. Bxf6 exf6 (3... gxf6 4. d5 Qb6 5.
Qc1 f5 6. g3 e6 7. Bg2 Bg7 8. c3 d6 9. Nh3 Nd7 10. O-O Nf6 {1/2-1/2 Minasian,
A-El Taher,F/Dubai UAE 2002/The Week in Chess 390 (10)}) 4. Nc3 cxd4 5. Qxd4
Nc6 6. Qe4+ Be7 7. e3 O-O 8. Bc4 a6 9. Nge2 $14 {[%csl Rd7] 1-0 Chandler,
M-Knott,S/Millfield 2000/CBM 77 ext (65)}) 3... cxd4 $5 (3... Qa5 $5 4. Bxf6
gxf6 5. dxc5 Bg7 6. e3 f5 7. Nge2 Qxc5 8. g3 Qc6 9. Rg1 Qb6 10. Nd5 Qa5+ 11. c3
$13 {[%cal Gf1g2,Ge2f4] 1-0 Vasilev,M-Nikolaidis,I/Cannes 2000/EXT 2001 (46)})
4. Qxd4 Nc6 5. Qh4 {This position is very interesting for both of sides.White
intends to make a long castle,push e4 and f4. Black on the other hand can
develop a strong attack on Kside in case white casltes immediatly.} e6 (5... d6
$5 6. e4 Be6 7. Bd3 Rc8 8. Nge2 Ne5 9. f4 Nxd3+ 10. cxd3 Qb6 11. f5 $14 {
0-1 De la Villa Garcia,J-Miezis,N/Elgoibar 1995/EXT 97 (47)}) (5... b5 $5 {
[%cal Gb5b4,Gd8a5] Deserves more attention.Black begins to attack the Qside,so
white long castle is now quiet dangerous.}) 6. e4 Be7 (6... h6 $5 7. f4 Rg8 $5
8. O-O-O $44) 7. f4 (7. O-O-O $5 Nd5 8. Bxe7 Qxe7 9. Qxe7+ Ndxe7 10. g3 $14)
7... d6 (7... Qb6 $5 8. O-O-O Qe3+ 9. Kb1 Nxe4 10. Nxe4 Qxe4 11. Bd3 Bxg5 12.
Qxg5 Qd4 13. Nf3 Qf6 14. Qh5 $44 {[%csl Ra8,Rc8,Re8,Rh8][%cal Gf4f5] 1/2-1/2
Ochoa de Echaguen,F-Browne,W/New York 1989/CBM 12 (49)}) 8. O-O-O Qa5 9. Nf3 {
[%cal Gf1b5,Ge4e5] This is the start position of the variation.White aims to
play e5 ,while black should prevent it and find some play on Qside.} h6 10. e5
$1 {Of course in the mood of the opening and white didn't have to think twice
about this move.The pawn sacrafise is worth the initiative and weak black king.
} (10. Bb5 Bd7 11. e5 $6 dxe5 12. Nxe5 Nxe5 13. fxe5 Bxb5 14. Nxb5 Qxb5 15.
exf6 Qxg5+ $17 {0-1 Rabinovich,A-Gershon,A/Israel 1996 (35)}) 10... dxe5 11.
fxe5 Nxe5 12. Nxe5 Qxe5 13. Bb5+ Kf8 14. Bf4 $44 {Both sides made a few forced
moves and position rised is complicated.White is pawn less,but black pieces
yet in the game and black king is weak.The pressure on the f-file can be
umpleasant for black in case he will play g6 to secure the king on g7.} Qc5 $5
{[%cal Gg7g5,Gf6d5] The best square for Q.} 15. Qe1 $1 {Again the best
decision.Q on h4 alrady finished her job.} a6 16. Bd3 (16. Ba4 $6 b5 17. Bb3
Bb7 $15) 16... Bd7 17. Rf1 {[%cal Gh2h4,Gf1f7,Gg2g4]} Bc6 18. g4 Rd8 (18...
Nxg4 $5 {Dangerous,but white can't win immediatly and black is already 2 pawns
up.}) 19. Be3 {Opening up the f-file.} Qe5 $1 {[%mdl 256] Again black is on
top!The best square for Q.} (19... Qa5 $6 20. Qf2 $40 {[%csl Rb6][%cal Ge3b6,
Gh2h4,Gg4g5]}) (19... Qb4 $6 20. Rf4 Qa5 21. Qf2 $40 {[%cal Ge3b6,Gh2h4,Gg4g5]}
) 20. Qf2 Bb4 $5 {[%cal Gf8e7,Gh8f8][%mdl 256]} 21. Ne2 {[%cal Ge2f4,Ge2d4]}
Rd7 $1 {[%cal Gd7f7,Gf6g4] Brilliant play.Since move 10 black finds only moves
in the position where every mistake can cost a game.} 22. h3 {Position occured
is very difficult for evaluation.Black is out of helping moves,since all his
pieces take good positions.He didn't solve the last problem:his king.} Ke8 $8 {
[%csl Rd8][%cal Gf6e4]} 23. Bd4 (23. Kb1 $5 Ne4 24. Bxe4 Rxd1+ 25. Rxd1 Qxe4
26. Bb6 {[%csl Rd8]} Be7 27. Nc3 Qf3 28. Qh2 {[%cal Gh2b8]} Kf8 29. Qc7 {
[%cal Gd1d8]} Be8 30. Bd4 $44 {[%cal Gd4g7]}) 23... Qd5 (23... Qg5+ 24. Kb1 Ne4
25. Bxe4 Bxe4 26. Nf4 {[%cal Gf4h5]} e5 27. Qe2 $14 {/+/-}) 24. Bxf6 gxf6 25.
Kb1 $5 (25. Qxf6 $2 Qg5+ 26. Kb1 Qxf6 27. Rxf6 {And black is simply better.})
25... Be7 26. Nf4 Qc5 $1 (26... Qg5 $6 27. Nh5 f5 28. Ng3 Bd6 29. Nxf5 $1 exf5
30. Bxf5 Rd8 31. Be4 {[%cal Gf2f7]} Rf8 32. Bxc6+ bxc6 33. Qa7 {[%cal Gf1e1]
With very strong attack!}) 27. Qxc5 {The agreement may be just too soon.Black
can play a slightly better ending without any risk.} (27. Qxc5 Bxc5 28. Nh5 Be7
29. Nxf6+ Bxf6 30. Rxf6 Kf8 $15 {[%cal Gf8g7,Gh8d8,Ge6e1] As a conclusion:Very
strong game from both players.Good initiative play from white and very sharp
defence from black.The best result for such a game.}) 1/2-1/2